Statistics for Movies By 1 Actor and 1 Actress - Quentin Tarantino Edition

Click here to take the quiz!

General Stats

  • This quiz has been taken 34 times
  • The average score is 9 of 10

Answer Stats

CastMovie% Correct
John Travolta, Uma ThurmanPulp Fiction
100%
Jamie Foxx, Kerry WashingtonDjango Unchained
94%
Lucy Liu, Vivica A. FoxKill Bill vol. 1
94%
Brad Pitt, Diane KrugerInglourious Basterds
91%
Leonardo DiCaprio, Margot RobbieOnce Upon a Time in Hollywood
88%
George Clooney, Salma HayekFrom Dusk Till Dawn
82%
Pam Grier, Robert ForsterJackie Brown
82%
Samuel L. Jackson, Jennifer Jason LeighThe Hateful Eight
79%
Daryl Hannah, David CarradineKill Bill vol. 2
73%
Rosario Dawson, Kurt RussellDeath Proof
70%

Score Distribution

Percentile by Number Answered

Percent of People with Each Score

Your Score History

You have not taken this quiz